01003nam a2200265Ia 4500008004100000020004400041020004600085040001800131041000800149060001100157100002100168245020800189250001100397260004200408300004900450500002200499650001800521650002600539650002400565650002700589700001700616700003500633710004500668765002400713130821s2009 sp a gr spa  a978 0 443 06824 9cEdición originalc a978 84 8086 475 6cEdición españolac aCo-BoUCMbspa00aspa00aWG 1411 aHampton, John R.10aECG en la prácticacJohn R. Hampton ; colaboración de David Adlam ; revisión científica de Jesús Saavedra Falero ; traducción y producción editorial Diorki servicios integrales de edición a5a ed. aBarcelona (España)bElservierc2009 axi, 341 páginasbilustraciones, gráficas aIncluye índice. aCardiología aElectrocardiografía aElectrofisiología aEnfermedades cardiacas1 aAdlam, David1 aSaavedra Falero, Jesúserev.2 aDiorki Servicios Integrales de Edición1 tThe ECG in practice